CLINICAL MICROBIOLOGY ?& PARASITOLOGY (Record no. 8309)

MARC details
000 -LEADER
fixed length control field 00376nam a22001577a 4500
003 - CONTROL NUMBER IDENTIFIER
control field SGT
082 ## - DEWEY DECIMAL CLASSIFICATION NUMBER
Classification number 611
Item number C16M
100 ## - MAIN ENTRY--PERSONAL NAME
Personal name MAHESHWARI,NANDA
245 ## - TITLE STATEMENT
Title CLINICAL MICROBIOLOGY ?& PARASITOLOGY
250 ## - EDITION STATEMENT
Edition statement 3RD
260 ## - PUBLICATION, DISTRIBUTION, ETC. (IMPRINT)
Place of publication, distribution, etc DELHI
Name of publisher, distributor, etc HEALTH SCIENCE
Year of Publication 2016
300 ## - PAGE DESCRIPTION
No. of Pages 498
650 ## - SUBJECT ADDED ENTRY--TOPICAL TERM
Topical term or geographic name as entry element MEDICAL SCIENCE
653 ## - KEYWORDS--INDEX TERM
Keyword term MICROBIOLOGY, PARASITLOGY,CLINICAL
942 ## - ADDED ENTRY ELEMENTS (KOHA)
Source of classification or shelving scheme Dewey Decimal Classification
Koha item type Books
942 ## - ADDED ENTRY ELEMENTS (KOHA)
-- 1
Holdings
Withdrawn status Lost status Source of classification or shelving scheme Damaged status Not for loan Collection code Home library Current library Shelving location Date acquired Vendor Name Cost, normal purchase price SGTU Bill Number Total Checkouts Full call number Accession No. (Barcode) Date last seen Bill Date Koha item type Date last borrowed
    Dewey Decimal Classification     AYURVEDA SGT FA-FP Library SGT FA-FP Library Text Book 04/03/2016 AHUJA 250.00 SGTU 6404   611 C16M FA2961 04/03/2016 22/12/2015 Books  
    Dewey Decimal Classification     AYURVEDA SGT FA-FP Library SGT FA-FP Library Text Book 04/03/2016 AHUJA 250.00 SGTU 6404   611 C16M FA2962 04/03/2016 22/12/2015 Books  
    Dewey Decimal Classification     AYURVEDA SGT FA-FP Library SGT FA-FP Library Text Book 04/03/2016 AHUJA 250.00 SGTU 6404   611 C16M FA2963 04/03/2016 22/12/2015 Books  
    Dewey Decimal Classification     AYURVEDA SGT FA-FP Library SGT FA-FP Library Text Book 04/03/2016 AHUJA 250.00 SGTU 6404   611 C16M FA2964 04/03/2016 22/12/2015 Books  
    Dewey Decimal Classification     AYURVEDA SGT FA-FP Library SGT FA-FP Library Text Book 04/03/2016 AHUJA 250.00 SGTU 6404   611 C16M FA2965 04/03/2016 22/12/2015 Books  
    Dewey Decimal Classification     AYURVEDA SGT FA-FP Library SGT FA-FP Library Text Book 04/03/2016 AHUJA 250.00 SGTU 6404 1 611 C16M FA2966 07/09/2022 22/12/2015 Books 07/09/2022
    Dewey Decimal Classification     AYURVEDA SGT FA-FP Library SGT FA-FP Library Text Book 04/03/2016 AHUJA 250.00 SGTU 6404   611 C16M FA2967 04/03/2016 22/12/2015 Books  
    Dewey Decimal Classification     AYURVEDA SGT FA-FP Library SGT FA-FP Library Text Book 04/03/2016 AHUJA 250.00 SGTU 6404   611 C16M FA2968 04/03/2016 22/12/2015 Books  
    Dewey Decimal Classification     AYURVEDA SGT FA-FP Library SGT FA-FP Library Text Book 04/03/2016 AHUJA 250.00 SGTU 6404   611 C16M FA2969 04/03/2016 22/12/2015 Books  
    Dewey Decimal Classification     AYURVEDA SGT FA-FP Library SGT FA-FP Library Text Book 04/03/2016 AHUJA 250.00 SGTU 6404   611 C16M FA2970 04/03/2016 22/12/2015 Books